Segundo informe sobre desarrollo humano en Centroamérica y Panamá

Bibliographic Details
Main Author: Proyecto Estado de la Región.
Format: Section = Libro
Language:Undetermined
Spanish
Published: Costa Rica PNUD 2003
Subjects:
LEADER 00820nam a2200277Ia 4500
008 240830s9999 xx 000 0 und d
020 |a 9968-806-23-4 
040 |a B-ESTELÍ- RUACS / 303.44 P969 
041 |a spa 
082 |a 303.44 P969  
100 1 |a Proyecto Estado de la Región. 
245 1 0 |a Segundo informe sobre desarrollo humano en Centroamérica y Panamá 
260 |a Costa Rica  |b PNUD  |c 2003 
300 |a 444 p:il 
650 7 |a DESARROLLO HUMANO 
650 7 |b  DESARROLLO SOSTENIBLE 
650 7 |c  DESARROLLO SOCIAL 
650 7 |d  DESARROLLO ECONOMICO 
650 7 |e  CENTROAMERICA Y PANAMA 
650 7 |f  MULTICULTURALIDAD 
650 7 |g  INTEGRACION REGIONAL 
650 7 |h  PARTICIPACION CIUDADANA 
650 7 |i  ADMINISTRACION DE LA JUSTICIA. 
942 |c BK  |2 ddc 
991 |a TEXTO 
999 |c 10665